000 00627nam a2200229Ia 4500
005 20241216005922.0
008 180423s9999||||xx |||||||||||||| ||und||
020 _a84 -283 -1735-
082 _a070.1
_bA31
100 _aAGUILERA, OCTAVIO
245 0 _aLAS IDEOLOGIAS EN EL PERIODISMO
250 _a0
260 _aMADRID-ESPAÑA
_bPARANINFO
_c1991
300 _a190 pag.
_c24 cm
341 _h69
490 _v0
_a0
505 _aIDEOLOGIAS PERIODISMO-ASPECTOS POLITICOS-OPINION PUBLICA
541 _aC
_bLIBRERIA SAN CRISTOBAL
_d03-Oct-00
_odólar
650 _aOBRAS GENERALES
856 _zHumanidades
942 _cLIBRO
999 _c652
_d652